عرض عادي
عرض مارك
- الصين
دخول Geographic Name
001 - CONTROL NUMBER
- control field: 29464
003 - CONTROL NUMBER IDENTIFIER
- control field: AE-AdECS
005 - DATE AND TIME OF LATEST TRANSACTION
- control field: 20260501103237.0
008 - FIXED-LENGTH DATA ELEMENTS
- fixed length control field: 260501|| aca||aabn | a|a d
040 ## - CATALOGING SOURCE
- Original cataloging agency: AE-AdECS
- Transcribing agency: AE-AdECS
151 ## - HEADING--GEOGRAPHIC NAME
- Geographic name: الصين
- General subdivision: علاقات خارجية
- Geographic subdivision: تايوان
670 ## - SOURCE DATA FOUND
- Source citation: Work cat.: (AE-AdECS)294955: هاني، منى مؤلف. 29463, القضايا الأمنية في العلاقات الأمريكية الصينية :
